|
|
|
|
| LEADER |
00842nam a2200205 u 4500 |
| 001 |
10035549 |
| 003 |
GR-PaULI |
| 005 |
20220725135113.0 |
| 008 |
000706s2012 gr f gre |
| 952 |
|
|
|0 0
|1 0
|2 ddc
|4 0
|6 889_334000000000000_ΡΟΜ
|7 0
|9 362856
|a LISP
|b LISP
|c DON
|d 2022-07-25
|e ΠΑΤ
|i 148144
|l 0
|o 889.334 ΡΟΜ
|p 025000274204
|r 2022-07-25 00:00:00
|t 1
|w 2022-07-25
|y BKN
|
| 999 |
|
|
|c 212000
|d 212000
|
| 020 |
|
|
|a 9789609470148
|
| 040 |
|
|
|a GR-PaULI
|c GR-PaULI
|b gre
|e AACR2
|
| 082 |
0 |
4 |
|a 889.334
|2 23
|
| 100 |
1 |
|
|9 193182
|a Ρόμβος, Τέος,
|d 1945-
|e συγγραφέας.
|
| 245 |
1 |
0 |
|a Γεώργιος Νέγρος :
|b ο τίγρης του Αιγαίου /
|c Τέος Ρόμβος.
|
| 260 |
|
|
|a Θεσσαλονίκη :
|b Πανοπτικόν,
|c 2012.
|
| 300 |
|
|
|a 203 σ. ;
|b
|c 21 εκ.
|
| 942 |
|
|
|2 ddc
|c BKN
|
| 998 |
|
|
|c ΜΠΟΥΡΑΣ
|d 2022-07
|